Analysis for strategic marketing

Αποθηκεύτηκε σε:
Λεπτομέρειες βιβλιογραφικής εγγραφής
Κύριος συγγραφέας: Rao, Vithala R.
Άλλοι συγγραφείς: Steckel, Joel H.
Μορφή: Βιβλίο
Γλώσσα:English
Δημοσίευση: Reading, Massachusetts : Addison-Wesley, c1998
Θέματα:
Ετικέτες: Προσθήκη ετικέτας
Δεν υπάρχουν, Καταχωρήστε ετικέτα πρώτοι!

MARC

LEADER 00000nam a2200000 i 4500
001 1/13857
008 001129s1998 eng d
020 |a 0-321-00198-2 
035 |l 10064777 
040 |a GR-MY-UA  |b gre  |e aacr 
041 0 |a eng 
082 0 |a 658.802 
100 1 |a Rao, Vithala R. 
245 1 0 |a Analysis for strategic marketing /  |c Vithala R. Rao, Joel H. Steckel 
260 |a Reading, Massachusetts :   |b Addison-Wesley,   |c c1998 
300 |a xiii, 514 p. 
504 |a Includes bibliographical references and index 
650 0 0 |a Marketing. 
700 1 |a Steckel, Joel H. 
852 |a INST  |b CHIOS  |e 20001129  |h 658.802 RAO  |p 005200017029  |q 005200017029  |t BK  |y 0 
901 |a BIBL2-2001-1 
909 |a Χ  |b 082435 
922 |a 2ΕΛΗ  |b 200010  |c ΤΜΟΔ  |d ΜΙΧΑΛΟΠΟΥΛΟΣ 
950 |a 186-2000-09-14 
970 |a ΣΑΛΑΜΟΥΡΑ  |b ΜΑΡΙΑ  |z 2001/02/08